| 000 | 00339cam a22000977a 4500 | ||
|---|---|---|---|
| 008 | 180718b1951 xxu||||| |||| 00| 0 eng d | ||
| 082 | _aL2603x5413 B489 | ||
| 245 |
_aThe Bihar motor spirit(taxation on sales act) act, 1939 _cby Legislative Department, Bihar |
||
| 260 |
_aPatna _bGovernment Press _c1951 |
||
| 700 | _aBihar. Legislative Department | ||
| 999 |
_c500293 _d500293 |
||